Same Name Slideshow IV Quiz Stats

 Plays Quiz Updated Oct 13, 2017

Score 0/20 Timer 06:00
4 Plays Today
% Correct
Adam (Sandler/Levine)
97.9%
Will (Smith/Ferrell)
95.2%
Jim (Belushi/Carrey)
93.9%
Chris (Rock/Pratt)
92.6%
Neil (Diamond/Patrick Harris)
90.5%
Ryan (Seacrest/Gosling)
85.4%
Demi (Moore/Lovato)
84.9%
Christina (Aguilera/Applegate)
84.2%
Nicole (Kidman/Scherzinger)
80.7%
Mark (Wahlberg/Ronson)
80.2%
% Correct
Seth (Rogen/MacFarlane)
76.5%
Anna (Faris/Kendrick)
75%
Blake (Lively/Shelton)
72.5%
Kevin (Durant/Hart)
68.2%
Michelle (Pfeiffer/Williams)
68.1%
Amanda (Bynes/Seyfried)
67.6%
Robin (Wright/Thicke)
58.9%
Dakota (Fanning/Johnson)
57.5%
Olivia (Wilde/Munn)
49.8%
Rob (Thomas/Dyrdek)
38.9%

You're not logged in!

Compare scores with friends on all Sporcle quizzes.
OR
Log In

You Might Also Like...

Show Comments

Extras

Top Quizzes Today


Score Distribution

Your Account Isn't Verified!

In order to create a playlist on Sporcle, you need to verify the email address you used during registration. Go to your Sporcle Settings to finish the process.

Report this User

Report this user for behavior that violates our Community Guidelines.

Details: